JackSucksAtLife True or False - Statistics

General Stats
  • This quiz has been taken 116 times
    115 since last reset
  • The average score is 11 of 15
Answer Stats
Question Answer % Correct
Jack lives in Manchester False
100%
Jack is very proud of his anti clockwise hair whorl True
100%
Jack currently has 3 dogs False
89%
Jack is from Wales False
89%
Jack has over 900 million views on this channel alone True
89%
I tried editing another Youtuber's edit challenge has over 1 million views True
89%
Jack was born in 1996 True
89%
Jack's channel was originally focused on Minecraft True
89%
Jack had a server called Skyfade False
78%
Jack's birth sign is Leo False
67%
Jack helped Barry gain subs in his most popular non short video False
56%
Jack uploaded his 10,000 subscribers Q&A on 13th September 2013 True
56%
Jack created this channel on 2nd March 2013 False
44%
Jack has 3 videos on this channel with 20 million views True
44%
Jack uploads roughly 4 times a week True
33%
No matching quizzes found
Score Distribution
Percent of People with Each Score
Percentile by Number Answered
Your Score History
You have not taken this quiz since the last reset